[Event "9th HDBank Open 2019"]
[Site "Ho Chi Minh City"]
[Date "2019.03.08"]
[Round "3.15"]
[White "Samant, Aditya S"]
[Black "Tran, Tuan Minh"]
[Result "0-1"]
[WhiteElo "2388"]
[BlackElo "2556"]
[Annotator "TA"]
[PlyCount "88"]
[EventDate "2019.03.07"]
[EventType "swiss"]
[EventCountry "VIE"]
[SourceTitle "playchess.com"]
[Source "ChessBase"]
[SourceQuality "1"]

{[%evp 12,88,16,14,27,27,18,8,10,0,4,8,0,8,26,10,25,23,25,0,28,45,26,27,33,23,36,0,0,0,-4,-36,-56,-98,-95,-106,-101,-105,-97,-95,-116,-122,-128,-217,-70,-87,-41,-92,-74,-103,-32,-109,-95,-75,-96,-97,-91,-84,-83,-75,-75,-82,-83,-218,-203,-222,-220,-212,-189,-1568,-1512,-1568,-1163,-5103,-4822,-29991,-29992,-29992,-29993]} 1. e4 c5 2. Nf3 d6 3. d4 cxd4 4. Nxd4 Nf6 5. Nc3 a6 6. h3 e5 7. Nde2 h5 {B90: Sicilian Najdorf: Unusual White 6th moves, 6 Be3 Ng4 and 6 Be3 e5} 8. Bg5 (8. Nd5 Nxd5 9. Qxd5 Nc6 10. Qd1 Be6 11. Nc3 Rc8 12. Be3 Ne7 13. Be2 d5 14. exd5 Nxd5 15. Nxd5 Qxd5 {½-½ (26) Wang,H (2730)-Giri,A (2783) St Petersburg 2018}) 8... Be6 9. Bxf6 Qxf6 {The position is equal.} 10. Nd5 Qd8 $1 11. Qd3 Nd7 12. O-O-O Rc8 13. Kb1 Qa5 14. Nec3 Qc5 $146 ({Predecessor:} 14... Nc5 15. Qe3 {1-0 (39) Zawadzka,J (2442)-Doluhanova,E (2262) Mamaia 2016}) 15. Qe2 Be7 16. h4 Bd8 17. a3 b5 18. g3 Nb6 19. Ne3 O-O 20. Ncd5 ({Much worse is} 20. Qxh5 b4 $17) 20... Nxd5 21. exd5 {[#]} Bg4 $1 {[%mdl 512]} 22. f3 (22. Nxg4 hxg4) 22... Bd7 23. g4 hxg4 24. fxg4 b4 25. axb4 Qxb4 26. Qd2 Qa4 27. Qd3 (27. b3 $17 {is a better defense.} Rb8 28. Qc3) 27... Rc5 (27... Rb8 $19 {aiming for ...e4.} 28. Rh2 Bb6) 28. Qb3 $1 $15 Qf4 29. Bd3 (29. Be2 $1 $15) 29... e4 $17 ({Avoid the trap} 29... Qxe3 $2 30. Bh7+ $1 {[%mdl 512]} Kxh7 31. Qxe3 $18) 30. Be2 Bc7 (30... a5 $17) 31. Rhf1 (31. Nc4 $15) 31... Qh2 32. Bc4 Rb8 33. Qc3 Bd8 $1 34. Qd4 Qxh4 35. Qxe4 {Hoping for Rh1.} Bf6 36. Bb3 {White wants to play Rh1.} Qg5 37. Rh1 (37. Nf5 $17 Be5 38. Qf3 Bxf5 39. Qxf5 Qxf5 40. gxf5) 37... g6 $1 $19 38. Rhf1 a5 $40 {[%cal Ba6a5,Ba5a4,Ba4b3,Bb3c2][%mdl 160] White is in trouble.} 39. Qf3 {[#]} Kg7 $1 40. Nf5+ $2 (40. Rf2 Qe5 41. Nc4 Rxc4 {[#]} 42. Qxf6+ $1 {[%mdl 512]} Qxf6 43. Rxf6 Kxf6 44. Rf1+ Kg7 45. Bxc4) 40... gxf5 41. gxf5 Kf8 42. Rde1 a4 43. Rg1 axb3 44. Rxg5 bxc2+ {Accuracy: White = 39%, Black = 68%.} 0-1

[Event "9th HDBank Open 2019"]
[Site "Ho Chi Minh City"]
[Date "2019.03.08"]
[Round "3.16"]
[White "Krishna Teja, N."]
[Black "Megaranto, Susanto"]
[Result "0-1"]
[WhiteElo "2370"]
[BlackElo "2526"]
[Annotator "RC"]
[PlyCount "132"]
[EventDate "2019.03.07"]
[EventType "swiss"]
[EventCountry "VIE"]
[SourceTitle "playchess.com"]
[Source "ChessBase"]
[SourceQuality "1"]
[TimeControl "5400+30"]

1. d4 {[%emt 0:04:57]} Nf6 {[%emt 0:00:00]} 2. c4 {[%emt 0:00:13]} e5 {[%emt 0:00:18]} 3. dxe5 {[%emt 0:00:13]} Ng4 {[%emt 0:00:09]} 4. Bf4 {[%emt 0:00:51]} Bb4+ {[%emt 0:00:08]} 5. Nd2 {[%emt 0:00:56]} d6 {[%emt 0:00:04]} 6. a3 {[%emt 0:05:58]} dxe5 {[%emt 0:05:47]} 7. Bg3 {[%emt 0:00:06]} Bxd2+ {[%emt 0:00:38]} 8. Qxd2 {[%emt 0:00:02]} Qxd2+ {[%emt 0:00:20]} 9. Kxd2 {[%emt 0:00:04]} f6 {[%emt 0:01:44]} 10. e3 {[%emt 0:02:27]} Be6 {[%emt 0:02:01]} 11. Kc3 {[%emt 0:08:26]} h5 {[%emt 0:05:24]} 12. h3 {[%emt 0:04:06]} Nh6 {[%emt 0:00:05]} 13. Bd3 {[%emt 0:00:13]} Nd7 {[%emt 0:04:34]} 14. Ne2 {[%emt 0:04:38]} Nc5 {[%emt 0:03:30]} 15. Rhd1 {[%emt 0:03:27]} Bf5 {[%emt 0:01:27]} 16. Bc2 {[%emt 0:07:42]} Bxc2 {[%emt 0:07:47]} 17. Kxc2 {[%emt 0:00:08]} Nf5 {[%emt 0:00:34]} 18. Bh2 {[%emt 0:02:46]} Rh6 {[%emt 0:09:43]} 19. b4 {[%emt 0:11:06]} Ne4 {[%emt 0:01:45]} 20. Nc3 {[%emt 0:07:03]} Nxc3 {[%emt 0:09:18]} 21. Kxc3 {[%emt 0:00:20]} Rg6 {[%emt 0:01:46]} 22. g3 {[%emt 0:04:50]} Nd6 {[%emt 0:04:36]} 23. f3 {[%emt 0:00:25]} Nf5 {[%emt 0:04:20]} 24. g4 {[%emt 0:00:13]} hxg4 {[%emt 0:02:40]} 25. hxg4 {[%emt 0:00:11]} Ne7 {[%emt 0:06:29]} 26. e4 {[%emt 0:03:11]} Rh6 {[%emt 0:04:46]} 27. Bg3 {[%emt 0:01:38]} Kf7 {[%emt 0:00:34]} 28. Rd7 {[%emt 0:07:24]} Rh3 {[%emt 0:00:55]} 29. Rg1 {[%emt 0:00:03]} Rc8 {[%emt 0:00:12]} 30. b5 {[%emt 0:00:19]} Ke6 {[%emt 0:04:13]} 31. Rd3 {[%emt 0:00:02]} g5 {[%emt 0:00:53]} 32. a4 {[%emt 0:00:49]} b6 {[%emt 0:01:29]} 33. Kb4 {[%emt 0:03:54]} c6 {[%emt 0:01:36]} 34. Kb3 {[%emt 0:00:19]} Rc7 {[%emt 0:00:41]} 35. Rg2 {[%emt 0:02:30]} Nc8 {[%emt 0:02:37]} 36. Be1 {[%emt 0:01:35]} Rd7 {[%emt 0:01:37]} 37. Rgd2 {[%emt 0:01:12]} Rxd3+ {[%emt 0:00:17]} 38. Rxd3 {[%emt 0:00:02]} c5 {[%emt 0:00:32]} 39. Kc3 {[%emt 0:03:24]} Nd6 {[%emt 0:00:45]} 40. Bd2 {[%emt 0:00:25]} Ke7 {[%emt 0:00:44]} 41. Re3 {[%emt 0:00:42]} Rh2 {[%emt 0:01:35]} 42. Rd3 {[%emt 0:01:34]} Rf2 {[%emt 0:01:12]} 43. a5 {[%emt 0:03:35]} Kd7 {[%emt 0:03:28]} 44. a6 {[%emt 0:00:39]} Kc7 {[%emt 0:01:11]} 45. Be1 {[%emt 0:01:42]} Re2 {[%emt 0:01:12]} 46. Bd2 {[%emt 0:00:23]} Rh2 {[%emt 0:00:11]} 47. Bc1 {[%emt 0:00:48]} Rh3 {[%emt 0:00:56]} 48. Re3 {[%emt 0:00:29]} Ne8 {[%emt 0:00:28]} 49. Kd3 {[%emt 0:03:28]} Ng7 {[%emt 0:02:01]} 50. Bd2 {[%emt 0:00:13]} Ne6 {[%emt 0:00:16]} 51. Ke2 {[%emt 0:01:15]} Nd4+ {[%emt 0:00:31]} 52. Kd1 {[%emt 0:00:05]} Rxf3 {[%emt 0:02:21]} 53. Rxf3 {[%emt 0:00:38]} Nxf3 {[%emt 0:00:05]} 54. Ke2 {[%emt 0:00:04]} Nh2 {[%emt 0:00:08]} 55. Be1 {[%emt 0:00:18]} Nxg4 {[%emt 0:00:12]} 56. Kf3 {[%emt 0:00:38]} Nh6 {[%emt 0:00:05]} 57. Ke3 {[%emt 0:00:24]} Nf7 {[%emt 0:00:25]} 58. Kd3 {[%emt 0:00:06]} Nd8 {[%emt 0:02:02]} 59. Ke3 {[%emt 0:00:16]} Kd7 {[%emt 0:01:39]} 60. Kf3 {[%emt 0:00:17]} Nf7 {[%emt 0:01:34]} 61. Ke3 {[%emt 0:00:02]} Nd8 {[%emt 0:00:38]} 62. Kf3 {[%emt 0:00:08]} Ne6 {[%emt 0:00:13]} 63. Kg4 {[%emt 0:00:30]} Nd4 {[%emt 0:00:03]} 64. Bc3 {[%emt 0:00:12]} Nc2 {[%emt 0:00:46]} 65. Kf5 {[%emt 0:00:19]} Ke7 {[%emt 0:00:04]} 66. Bxe5 {[%emt 0:00:36]} Ne3+ {[%emt 0:00:14]} 0-1

[Event "9th HDBank Open 2019"]
[Site "Ho Chi Minh City"]
[Date "2019.03.08"]
[Round "3.17"]
[White "Fenil, Shah"]
[Black "Nguyen, Anh Khoi"]
[Result "0-1"]
[WhiteElo "2360"]
[BlackElo "2484"]
[Annotator "RC"]
[PlyCount "65"]
[EventDate "2019.03.07"]
[EventType "swiss"]
[EventCountry "VIE"]
[SourceTitle "playchess.com"]
[Source "ChessBase"]
[SourceQuality "1"]
[TimeControl "5400+30"]

1. e4 {[%emt 0:00:00]} c5 {[%emt 0:00:00]} 2. c3 {[%emt 0:00:00]} d5 {[%emt 0:00:06]} 3. exd5 {[%emt 0:00:00]} Qxd5 {[%emt 0:00:06]} 4. d4 {[%emt 0:00:00]} g6 {[%emt 0:00:19]} 5. Nf3 {[%emt 0:01:26]} Bg7 {[%emt 0:00:10]} 6. Na3 {[%emt 0:02:51]} cxd4 {[%emt 0:00:17]} 7. Bc4 {[%emt 0:00:57]} Qe4+ {[%emt 0:00:31]} 8. Be3 {[%emt 0:00:07]} Nh6 {[%emt 0:00:12]} 9. Nb5 {[%emt 0:01:51]} O-O {[%emt 0:00:59]} 10. cxd4 {[%emt 0:03:46]} Nc6 {[%emt 0:01:25]} 11. Nc3 {[%emt 0:04:27]} Qf5 {[%emt 0:00:22]} 12. h3 {[%emt 0:11:39]} Qa5 {[%emt 0:10:53]} 13. O-O {[%emt 0:07:33]} Nf5 {[%emt 0:03:39]} 14. a3 {[%emt 0:05:55]} Qd8 {[%emt 0:14:57]} 15. Ne2 {[%emt 0:07:11]} b6 {[%emt 0:00:52]} 16. Rc1 {[%emt 0:12:43]} Bb7 {[%emt 0:00:51]} 17. b4 {[%emt 0:00:44]} e6 {[%emt 0:09:47]} 18. d5 {[%emt 0:12:41]} exd5 {[%emt 0:12:15]} 19. Bxd5 {[%emt 0:00:34]} Nxe3 {[%emt 0:02:44]} 20. fxe3 {[%emt 0:00:01]} Rc8 {[%emt 0:00:32]} 21. e4 {[%emt 0:01:31]} b5 {[%emt 0:09:33]} 22. Qb3 {[%emt 0:02:26]} Qe7 {[%emt 0:07:22]} 23. Nf4 {[%emt 0:07:43]} Bh6 {[%emt 0:03:17]} 24. Qe3 {[%emt 0:05:03]} a5 {[%emt 0:06:44]} 25. Nd4 {[%emt 0:06:25]} Ne5 {[%emt 0:06:57]} 26. Bxb7 {[%emt 0:01:47]} Rxc1 {[%emt 0:01:56]} 27. Qxc1 {[%emt 0:00:36]} Qxb7 {[%emt 0:00:31]} 28. Qc5 {[%emt 0:03:31]} Bxf4 {[%emt 0:00:44]} 29. Rxf4 {[%emt 0:00:31]} Nd3 {[%emt 0:00:10]} 30. Qd6 {[%emt 0:00:22]} Nxf4 {[%emt 0:00:10]} 31. Qxf4 {[%emt 0:00:01]} Qb6 {[%emt 0:00:22]} 32. Qf2 {[%emt 0:00:20]} Rd8 {[%emt 0:00:12]} 33. Qc2 0-1

[Event "9th HDBank Open 2019"]
[Site "Ho Chi Minh City"]
[Date "2019.03.08"]
[Round "3.18"]
[White "Vo, Thanh Ninh"]
[Black "Nguyen, Anh Dung"]
[Result "1/2-1/2"]
[WhiteElo "2358"]
[BlackElo "2458"]
[Annotator "TA"]
[PlyCount "31"]
[EventDate "2019.03.07"]
[EventType "swiss"]
[EventCountry "VIE"]
[SourceTitle "playchess.com"]
[Source "ChessBase"]
[SourceQuality "1"]

{[%evp 13,31,2,4,4,6,6,23,19,47,51,57,50,68,47,64,54,60,44,59,33]} 1. c4 c5 2. g3 Nc6 3. Bg2 g6 4. Nc3 Bg7 5. d3 d6 6. Nf3 Nh6 7. O-O O-O 8. a3 {A37: Symmetrical English vs ...g6: 4 Bg2 Bg7 5 Nf3} Nf5 9. Rb1 Bd7 (9... Qd7 10. Ne4 Rb8 11. b4 cxb4 12. axb4 b5 13. cxb5 Rxb5 14. Bd2 Rb8 15. Kh1 Nfd4 16. Ne1 Nb5 17. Qa4 a6 18. Nf3 Bb7 {½-½ (18) Halkias,S (2600)-Margvelashvili,G (2525) Kavala 2011}) 10. Bd2 {White has an edge.} Rc8 11. b4 {[%cal Bb2b4,Bb4b5][%mdl 32] White is slightly better.} b6 12. b5 Ncd4 $146 ({Predecessor:} 12... Ne5 13. Ne1 Be8 14. h3 e6 15. Kh2 {0-1 (51) Berkovich,M (2400)-Csom,I (2475) Budapest 1998}) 13. Nxd4 Nxd4 14. e3 Nf5 15. Ne2 Rc7 16. Bc3 1/2-1/2

[Event "9th HDBank Open 2019"]
[Site "Ho Chi Minh City"]
[Date "2019.03.08"]
[Round "3.19"]
[White "Raghunandan, Kaumandur Srihari"]
[Black "Taher, Yoseph Theolifus"]
[Result "1/2-1/2"]
[WhiteElo "2352"]
[BlackElo "2446"]
[Annotator "TA"]
[PlyCount "84"]
[EventDate "2019.03.07"]
[EventType "swiss"]
[EventCountry "VIE"]
[SourceTitle "playchess.com"]
[Source "ChessBase"]
[SourceQuality "1"]

{[%evp 12,84,28,47,47,-16,-22,-16,18,20,31,32,18,33,34,23,20,12,18,25,23,10,20,8,26,20,27,-2,0,0,0,0,0,-4,0,-13,-12,-10,-8,-6,0,-8,-5,-13,0,0,0,-5,0,0,0,0,3,0,0,0,0,0,0,0,0,0,0,0,4,0,4,4,4,4,4,7,63,55,50]} 1. e4 Nf6 2. e5 Nd5 3. d4 d6 4. Nf3 g6 5. Be2 Bg7 6. O-O O-O 7. c4 Nb6 {B04: Alekhine's Defence: 4 Nf3} 8. h3 (8. exd6 $14 cxd6 9. Nc3) (8. exd6 cxd6 9. Nc3 Bg4 10. c5 dxc5 11. dxc5 N6d7 12. Be3 Nc6 13. Qa4 Bxf3 14. Bxf3 Nde5 15. Bxc6 Nxc6 16. Rad1 Qa5 17. Qxa5 Nxa5 {½-½ (40) Munoz Pantoja,M (2471)-Zvjaginsev,V (2673) Barcelona 2016}) 8... dxe5 $11 9. Nxe5 N8d7 {The position is equal.} 10. Nf3 e5 $146 ({Predecessor:} 10... c6 11. Nc3 Qc7 12. Bg5 Re8 13. Rc1 {½-½ (48) Del Rio de Angelis,S (2492)-Suba,M (2498) Almeria 2003}) 11. c5 Nd5 12. Bg5 f6 13. dxe5 Nxe5 14. Bh4 {Threatening Nxe5.} Nf4 15. Nxe5 {[#] Bc4+ is the strong threat.} Qxd1 16. Bxd1 {Hoping for Nf3.} fxe5 17. Nc3 h6 18. Bb3+ Kh8 19. Nb5 Bd7 20. Nxc7 Rac8 21. Nd5 g5 22. Bg3 $1 {[%cal Rg3f4] aiming for Bxf4.} Rxc5 23. Bxf4 exf4 24. Rad1 Bb5 25. Rfe1 Bxb2 26. Re6 Bg7 27. Ne7 {And now Ng6+ would win.} Kh7 28. Bd5 {next Be4+ is good for White.} Re8 29. Bxb7 Bf8 (29... Rc7 $5 30. Be4+ $8 Kh8 31. Ng6+ Kg8 $11) 30. Be4+ Kg7 31. Nf5+ {[%mdl 64] [#] Double Attack} Kg8 32. Rxe8 Bxe8 33. Rd8 Re5 34. f3 h5 35. Nd6 Bxd6 36. Rxd6 {[%mdl 4096] Endgame KRB-KRB} Ra5 37. Bd5+ Kf8 38. Bb3 Ke7 39. Re6+ Kd8 40. h4 gxh4 41. Rf6 Rg5 (41... Bd7 $11) 42. Kf2 {[%mdl 1024] White has compensation.} Bd7 {Accuracy: White = 57%, Black = 60%.} 1/2-1/2

[Event "9th HDBank Open 2019"]
[Site "Ho Chi Minh City"]
[Date "2019.03.08"]
[Round "3.20"]
[White "Vo, Thi Kim Phung"]
[Black "Mendonca, Leon Luke"]
[Result "0-1"]
[WhiteElo "2349"]
[BlackElo "2446"]
[Annotator "NA"]
[PlyCount "156"]
[EventDate "2019.03.07"]
[EventType "swiss"]
[EventCountry "VIE"]
[SourceTitle "playchess.com"]
[Source "ChessBase"]
[SourceQuality "1"]
[TimeControl "5400+30"]

1. d4 {[%emt 0:01:41]} Nf6 {[%emt 0:00:00]} 2. c4 {[%emt 0:00:15]} e6 {[%emt 0:00:00]} 3. Nc3 {[%emt 0:00:10]} Bb4 {[%emt 0:00:00]} 4. Qc2 {[%emt 0:00:10]} O-O {[%emt 0:00:00]} 5. Nf3 {[%emt 0:00:13]} d6 {[%emt 0:00:19]} 6. g3 {[%emt 0:04:13]} b6 {[%emt 0:03:24]} 7. Bg2 {[%emt 0:00:29]} Bb7 {[%emt 0:00:05]} 8. O-O {[%emt 0:00:19]} Nbd7 {[%emt 0:01:31]} 9. Nd1 {[%emt 0:07:17]} d5 {[%emt 0:05:05]} 10. c5 {[%emt 0:03:25]} bxc5 {[%emt 0:00:34]} 11. a3 {[%emt 0:00:44]} Ba5 {[%emt 0:00:09]} 12. dxc5 {[%emt 0:00:29]} c6 {[%emt 0:00:11]} 13. b4 {[%emt 0:00:44]} Bc7 {[%emt 0:00:05]} 14. Bb2 {[%emt 0:00:50]} Rc8 {[%emt 0:05:28]} 15. Nc3 {[%emt 0:01:03]} e5 {[%emt 0:01:35]} 16. Rfd1 {[%emt 0:03:02]} Bb8 {[%emt 0:17:24]} 17. Bh3 {[%emt 0:01:28]} Qe7 {[%emt 0:01:56]} 18. Nh4 {[%emt 0:00:28]} g6 {[%emt 0:00:56]} 19. e4 {[%emt 0:10:21]} d4 {[%emt 0:04:01]} 20. Na4 {[%emt 0:01:07]} Kg7 {[%emt 0:03:53]} 21. Bc1 {[%emt 0:03:50]} h6 {[%emt 0:00:30]} 22. Nb2 {[%emt 0:23:35]} Rcd8 {[%emt 0:00:34]} 23. f3 {[%emt 0:02:06]} Rh8 {[%emt 0:01:41]} 24. Nc4 {[%emt 0:00:28]} Nf8 {[%emt 0:01:18]} 25. Na5 {[%emt 0:00:35]} Ba8 {[%emt 0:01:13]} 26. a4 {[%emt 0:01:59]} Ne6 {[%emt 0:03:08]} 27. Ba3 {[%emt 0:00:26]} Ng5 {[%emt 0:00:59]} 28. Bf1 {[%emt 0:00:59]} Bc7 {[%emt 0:00:07]} 29. Nc4 {[%emt 0:03:15]} a6 {[%emt 0:05:19]} 30. Bd3 {[%emt 0:04:09]} Qe6 {[%emt 0:02:26]} 31. Qe2 {[%emt 0:02:06]} Bb7 {[%emt 0:00:34]} 32. Nd2 {[%emt 0:01:10]} Ra8 {[%emt 0:02:28]} 33. Bc4 {[%emt 0:00:48]} Qd7 {[%emt 0:01:10]} 34. Nf1 {[%emt 0:00:48]} Nh5 {[%emt 0:01:37]} 35. Bd3 {[%emt 0:01:59]} Nh3+ {[%emt 0:00:52]} 36. Kh1 {[%emt 0:00:12]} Rhe8 {[%emt 0:00:48]} 37. Bb2 {[%emt 0:02:26]} Qe7 {[%emt 0:00:41]} 38. Ng2 {[%emt 0:01:06]} a5 {[%emt 0:03:40]} 39. b5 {[%emt 0:02:05]} cxb5 {[%emt 0:02:43]} 40. Bxb5 {[%emt 0:00:07]} Qxc5 {[%emt 0:01:45]} 41. Rd3 {[%emt 0:04:57]} Red8 {[%emt 0:02:35]} 42. Nd2 {[%emt 0:01:04]} Qe7 {[%emt 0:01:16]} 43. Nb3 {[%emt 0:00:54]} Bd6 {[%emt 0:00:52]} 44. Bc1 {[%emt 0:01:59]} Bb4 {[%emt 0:02:01]} 45. Bd2 {[%emt 0:01:30]} Rdc8 {[%emt 0:03:37]} 46. Rb1 {[%emt 0:03:47]} Nf6 {[%emt 0:04:00]} 47. Rf1 {[%emt 0:01:46]} Bxd2 {[%emt 0:01:28]} 48. Nxd2 {[%emt 0:00:22]} Rc2 {[%emt 0:03:21]} 49. Rb3 {[%emt 0:02:51]} Rac8 {[%emt 0:04:01]} 50. Bd3 {[%emt 0:00:46]} Ra2 {[%emt 0:00:33]} 51. Rfb1 {[%emt 0:01:39]} Ba8 {[%emt 0:00:55]} 52. Ne1 {[%emt 0:00:27]} Rxa4 {[%emt 0:01:59]} 53. Rb6 {[%emt 0:00:55]} Ra2 {[%emt 0:01:46]} 54. Kg2 {[%emt 0:00:46]} Ng5 {[%emt 0:00:06]} 55. R6b2 {[%emt 0:00:30]} Rxb2 {[%emt 0:03:11]} 56. Rxb2 {[%emt 0:00:01]} Rc3 {[%emt 0:00:36]} 57. Rb5 {[%emt 0:00:27]} a4 {[%emt 0:01:27]} 58. h4 {[%emt 0:00:17]} Ne6 {[%emt 0:00:05]} 59. Nc4 {[%emt 0:00:48]} Nh5 {[%emt 0:01:20]} 60. Qd2 {[%emt 0:00:30]} Nc5 {[%emt 0:01:00]} 61. Nb6 {[%emt 0:00:39]} Bc6 {[%emt 0:00:46]} 62. Nd5 {[%emt 0:00:45]} Bxd5 {[%emt 0:00:29]} 63. exd5 {[%emt 0:00:02]} Qd7 {[%emt 0:00:38]} 64. Be2 {[%emt 0:00:27]} Qxd5 {[%emt 0:00:54]} 65. Nd3 {[%emt 0:00:26]} Qd6 {[%emt 0:01:08]} 66. Nxc5 {[%emt 0:01:04]} Rxc5 {[%emt 0:00:01]} 67. Qb4 {[%emt 0:00:13]} Rc6 {[%emt 0:00:37]} 68. Qxd6 {[%emt 0:00:12]} Rxd6 {[%emt 0:00:01]} 69. Rxe5 {[%emt 0:00:02]} Re6 {[%emt 0:00:36]} 70. f4 {[%emt 0:00:33]} Rxe5 {[%emt 0:00:10]} 71. fxe5 {[%emt 0:00:02]} a3 {[%emt 0:00:06]} 72. Bc4 {[%emt 0:00:07]} d3 {[%emt 0:00:07]} 73. Kf2 {[%emt 0:00:20]} Nxg3 {[%emt 0:00:07]} 74. Ke3 {[%emt 0:00:17]} Ne2 {[%emt 0:00:06]} 75. Kd2 {[%emt 0:01:12]} g5 {[%emt 0:00:05]} 76. hxg5 {[%emt 0:00:19]} hxg5 {[%emt 0:00:00]} 77. Ba2 {[%emt 0:01:30]} g4 {[%emt 0:00:10]} 78. Bd5 {[%emt 0:00:30]} g3 {[%emt 0:00:01]} 0-1

[Event "9th HDBank Open 2019"]
[Site "Ho Chi Minh City"]
[Date "2019.03.08"]
[Round "3.21"]
[White "Liu, Guanchu"]
[Black "Huang, Renjie"]
[Result "1/2-1/2"]
[WhiteElo "2445"]
[BlackElo "2335"]
[Annotator "TA"]
[PlyCount "89"]
[EventDate "2019.03.07"]
[EventType "swiss"]
[EventCountry "VIE"]
[SourceTitle "playchess.com"]
[Source "ChessBase"]
[SourceQuality "1"]

{[%evp 25,89,29,29,29,57,52,52,44,36,34,44,37,65,39,56,46,34,25,33,37,161,118,145,161,158,100,103,97,149,135,247,273,234,102,98,92,99,117,135,98,109,124,268,247,287,0,195,190,208,208,208,208,200,0,0,0,0,0,0,0,0,0,0,0,202,0]} 1. e4 c5 2. Nf3 d6 3. d4 cxd4 4. Nxd4 Nf6 5. Nc3 g6 6. Be3 Bg7 7. f3 O-O 8. Qd2 Nc6 9. O-O-O d5 10. Qe1 e5 11. Nxc6 bxc6 12. exd5 Nxd5 13. Bc4 Be6 14. Kb1 {B76: Sicilian Dragon: Yugoslav Attack, 9 g4 and 9 0-0-0} Rb8 (14... Nxc3+ 15. Qxc3 Qe7 16. Bb3 Bxb3 17. axb3 Qe6 18. Qc4 Qxc4 19. bxc4 Rfb8 20. c3 a5 21. Kc2 a4 {½-½ (32) Liu,G (2459)-Huang,R (2280) Qinhuangdao 2018}) 15. Ne4 Qc7 16. Bb3 {White is slightly better.} (16. Bc5 Rfd8 17. g4 h6 18. Bb3 a5 19. Rg1 Rd7 20. h4 Rbd8 21. a4 Nf4 22. Rxd7 Rxd7 23. Bxe6 Nxe6 {½-½ (32) Anand,V (2776)-Nakamura,H (2787) Moscow 2018}) 16... Nxe3 17. Qxe3 Bxb3 18. axb3 Rbd8 $146 ({Predecessor:} 18... Rfd8 19. g4 Rd4 20. g5 a5 21. Rhe1 a4 22. bxa4 Qb6 23. Qc3 Rxa4 24. b3 Rba8 25. Qb2 R4a6 26. Rd2 Qa7 {0-1 (26) Walter,S (2220)-Winiarski,M (2295) Warsaw 2017}) 19. h4 Rd5 20. h5 Qb6 21. Qe2 Rfd8 22. Rde1 f5 (22... a5 $14) 23. Nc3 $1 $18 Rd2 24. Qc4+ Kf8 25. hxg6 (25. g4 $142 $1) 25... hxg6 $16 26. g4 (26. Rh7 $6 Rxg2 27. Reh1 Rg1+ 28. Rxg1 Qxg1+ 29. Ka2 Qb6 $11) 26... R8d4 (26... R2d4 $142 27. Qf1 f4) 27. Qf1 $1 (27. Qe6 $6 Rd6 $16) 27... Rf4 (27... Rb4 $16 {is a better defense.}) 28. gxf5 $18 gxf5 29. Rd1 (29. Ne2 $18 {and White stays clearly on top.}) 29... Rxd1+ $16 30. Qxd1 {aiming for Qd6+.} Qd4 {White must now prevent ...Qxd1+.} 31. Qe2 $1 {Hoping for Rd1.} e4 32. Rd1 Qe5 33. fxe4 fxe4 (33... Rxe4 $16 {was called for.} 34. Qf2 Bf6) 34. Qa6 $18 (34. Rd8+ $6 Ke7 $18) 34... Qc7 35. Qe2 Qe5 $1 36. Qc4 e3 37. Qxc6 {And now Rd5 would win.} e2 38. Qc8+ $1 Ke7 {[#]} 39. Qb7+ $2 ({White has to play} 39. Rd7+ $1 $18 Kf6 40. Qa6+ Qe6 41. Nd5+ {[%mdl 64] Double Attack} Kf5 42. Qxe6+ (42. Qd3+ Re4 $14) 42... Kxe6 43. Nxf4+ Kxd7 44. Nxe2) 39... Ke8 $1 $11 40. Qc6+ Kf8 41. Qa8+ Kf7 42. Qb7+ ({Not} 42. Qxa7+ $2 Kg8 $19) 42... Ke8 $1 43. Qd7+ Kf8 44. Qc8+ $2 (44. Re1 $11 Rf1 45. Qc8+ Qe8 46. Qc5+ {[%mdl 64] Double Attack} Qe7 47. Qc8+ Qe8 48. Qc5+ {[%mdl 64] Double Attack} Qe7 49. Qc8+ Qe8) 44... Ke7 $1 $18 {[#]} 45. Qb7+ $2 {Accuracy: White = 72%, Black = 53%.} (45. Rd7+ $1 $18 Kf6 46. Qa6+ Qe6 47. Nd5+ {[%mdl 64] Double Attack} Kf5 48. Qxe6+ (48. Qd3+ Re4 $16) 48... Kxe6 49. Nxf4+ Kxd7 50. Nxe2) 1/2-1/2

[Event "9th HDBank Open 2019"]
[Site "Ho Chi Minh City"]
[Date "2019.03.08"]
[Round "3.22"]
[White "Tran, Minh Thang"]
[Black "Chen, Qi B"]
[Result "1/2-1/2"]
[WhiteElo "2343"]
[BlackElo "2443"]
[Annotator "TA"]
[PlyCount "59"]
[EventDate "2019.03.07"]
[EventType "swiss"]
[EventCountry "VIE"]
[SourceTitle "playchess.com"]
[Source "ChessBase"]
[SourceQuality "1"]

{[%evp 9,59,-3,0,0,0,0,0,0,4,2,-7,-29,0,0,0,-3,0,0,0,0,0,0,0,0,0,-53,-47,-58,-55,-47,-56,-103,-112,-111,0,-81,-73,-77,0,0,0,-45,0,0,0,-8,-14,-11,0,0,0,-3]} 1. d4 Nf6 2. Bf4 d5 3. e3 c5 4. Nd2 (4. c3 Nc6 5. Nd2 Qb6 6. Qb3 Nh5 7. Qxb6 axb6 8. Bc7 cxd4 9. exd4 e5 10. Bxe5 Nxe5 11. dxe5 Bc5 12. g3 O-O {1-0 (76) Aronian,L (2765)-Caruana,F (2832) London 2018}) 4... Nc6 5. Ngf3 Qb6 {[%cal Rc5d4]} 6. dxc5 {D00: 1 d4 d5: Unusual lines} Qxb2 7. Rb1 Qc3 8. Bb5 e6 9. O-O Be7 10. Ne5 Bd7 11. Nxd7 Nxd7 12. e4 {Hoping for exd5.} a6 13. exd5 axb5 {[%mdl 64] Discovered Attack} 14. dxc6 bxc6 15. Ne4 Qc4 {[%mdl 64] Double Attack} 16. Nd6+ $1 Bxd6 $1 {[#]} 17. Bxd6 $146 (17. Qxd6 $11 Qxc5 18. Qc7) ({Predecessor:} 17. Qxd6 Qxc5 18. Qc7 {½-½ (18) Efendiyev,E (2565)-Figlio,G (2461) ICCF email 2016}) 17... Nxc5 $15 {Threatens to win with ...Rd8.} ({And not} 17... Rxa2 18. Qf3 $18) 18. Qf3 Ne4 19. Bb4 f5 {And now ...c5 would win.} ({Don't play} 19... Rxa2 $6 20. Qf4 $14) 20. Qh5+ g6 21. Qh6 {[#]} Ra7 ({But not} 21... Qxa2 $2 22. Qg7 $18) (21... Kf7 $1 $17 22. Qh4 c5) 22. Qf4 (22. Qe3 $11 {keeps the balance.} c5 23. f3 Rxa2 24. fxe4 cxb4 25. exf5 Rxc2 26. fxe6) 22... Kf7 $17 23. Qe5 {[#]} Rd8 ({Black should try} 23... Rg8 $1 $17 24. f3 Nf6) 24. f3 $11 c5 (24... Nd2 $5 25. Bc3 $8 Nxb1 26. Qg7+ Ke8 27. Qh8+ Kf7 28. Qxh7+ Kf8 29. Qh8+ Kf7 30. Qh7+ Kf8 31. Qh8+ Kf7 32. Qh7+ $11) 25. Ba5 Rdd7 (25... Rd5 {seems wilder.} 26. Qb8 Qd4+ 27. Kh1 Rdd7 28. fxe4 Rxa5 29. exf5 exf5 30. Rxb5 Rxa2 31. Rb7 Rxb7 32. Qxb7+ Kf6) 26. fxe4 {The position is equal.} Rxa5 27. exf5 Qd4+ 28. Qxd4 Rxd4 29. fxg6+ Kxg6 30. a3 {Accuracy: White = 72%, Black = 78%.} 1/2-1/2